000
00252nam a2200109Ia 4500
008
190216s9999||||xx |||||||||||||| ||und||
100
_a
K P Sharachandran
245
0
_a
Aswadana Abagradhanam
260
_b
Null
650
_a
Essay Malayalam
942
_c
BK
999
_c
24503
_d
24503